书目信息 |
| 题名: |
编译技术
|
|
| 作者: | 张莉 编著 | |
| 分册: | ||
| 出版信息: | 北京 高等教育出版社 2016 |
|
| 页数: | 478页 | |
| 开本: | 24cm | |
| 丛书名: | ||
| 单 册: | ||
| 中图分类: | TP314 | |
| 科图分类: | ||
| 主题词: | 编译程序--程序设计--高等教育--教材 | |
| 电子资源: | ||
| ISBN: | 978-7-04-046317-0 | |
| 000 | 01127nam0 2200265 450 | |
| 001 | 0103984741 | |
| 005 | 20170224104013.0 | |
| 010 | @a978-7-04-046317-0@dCNY48.00 | |
| 100 | @a20161013d2016 em y0chiy0120 ea | |
| 101 | 0 | @achi |
| 102 | @aCN@b110000 | |
| 105 | @ay z 000yy | |
| 106 | @ar | |
| 200 | 1 | @a编译技术@9Bian Yi Ji Shu;Zhu @f张莉[等]编著@b专著@dCompiler technology@zeng |
| 210 | @a北京@c高等教育出版社@d2016 | |
| 215 | @a478页@d24cm | |
| 300 | @a“基于系统能力培养的计算机专业课程建设研究”项目规划教材 普通高等教育“十一五”国家级规划教材 | |
| 304 | @a编著还有:史晓华、杨海燕、金茂忠 | |
| 330 | @a本书共分三部分。其中,一部分基础篇(1~10章),包含编译技术概述、语言与文法基础、一个简单编译器的构造(一个完整的编译过程)。第二部分提高篇(11~16章),重点介绍编译程序的自动化生成技术和代码优化及面向目标机的代码生成技术。第三部分实例篇(17~18章),给出两个小型编译系统的完整设计。 | |
| 510 | 1 | @aCompiler technology@zeng |
| 606 | 0 | @a编译程序@x程序设计@x高等教育@j教材 |
| 690 | @aTP314@v5 | |
| 701 | 0 | @a张莉@f(1968.3~)@4编著@9zhang li |
| 801 | 0 | @aCN@bAZmarc@c20230903 |
| 905 | @aBZT@dTP314@e56@f1@sTP314/56 | |
| 编译技术/张莉[等]编著=Compiler technology.-北京:高等教育出版社,2016 |
| 478页;24cm |
| “基于系统能力培养的计算机专业课程建设研究”项目规划教材 普通高等教育“十一五”国家级规划教材 |
| ISBN 978-7-04-046317-0:CNY48.00 |
| 本书共分三部分。其中,一部分基础篇(1~10章),包含编译技术概述、语言与文法基础、一个简单编译器的构造(一个完整的编译过程)。第二部分提高篇(11~16章),重点介绍编译程序的自动化生成技术和代码优化及面向目标机的代码生成技术。第三部分实例篇(17~18章),给出两个小型编译系统的完整设计。 |
| ● |
| 相关链接 |
|
|
|
正题名:编译技术
索取号:TP314/56
 
预约/预借
| 序号 | 登录号 | 条形码 | 馆藏地/架位号 | 状态 | 备注 |
| 1 | 2000007530 | 2000007530 | 旧书回溯/ [索取号:TP314/56] | 在馆 |